Kíras lernwelt (Record no. 60010)

MARC details
000 -LÍDER
campo de controle de tamanho fixo 00328 a2200145 4500
001 - NÚMERO DE CONTROLE
campo de controle 60010
020 ## - ISBN - INTERNATIONAL STANDARD BOOK NUMBER
ISBN - International Standard Book Number 346484031x
040 ## - FONTE DA CATALOGAÇÃO
Instituição que transcreveu o registro Anchieta - Pituba
240 10 - TÍTULO UNIFORME
Título uniforme Kíras lernwelt
Idioma da obra por
245 10 - TÍTULO
Título Kíras lernwelt
300 ## - DESCRIÇÃO FÍSICA
Extensão 63
362 0# - DATAS DE PUBLICAÇÃO E/OU DESIGNAÇÃO SEQUENCIAL
Datas de publicação e/ou designação sequencial 2005
650 #4 - ASSUNTO--TERMO TÓPICO
Cabeçalho tópico ou nome geográfico Línguas germânicas (teutônicas) língua alemã
942 ## - ELEMENTOS DE ENTRADA ADICIONADOS (KOHA)
Tipo de material Koha Livros
Holdings
Situação do descarte Situação das perdas Situação física Não pode ser emprestado Biblioteca de origem Biblioteca atual Data de aquisição Total de empréstimos Número de chamada completo Código de barras Data de último acesso Data do preço efetivo Tipo de material Koha
        Colégio Anchieta - Pituba Colégio Anchieta - Pituba 21/11/2023   430 K58k KIR 11528/PIT 21/11/2023 21/11/2023 Livros